000
00334nam a2200145Ia 4500
008
230718s9999 xx 000 0 und d
041
_a
Eng.
082
_a
320
_b
QUR-P
100
_a
Qureshi,Khalid,M
245
0
_a
Political Guide Science
260
_a
Pakistan
_b
Eveenew Book
_c
2005
300
_a
1181
650
_a
Law
999
_c
30625
_d
30625